000 00780nam a22002177a 4500
999 _c17173
_d17173
003 AR-CdUCM
008 190507b ||||| |||| 00| 0 spa d
040 _aMUNICIPALIDAD PROVINCIAL DEL CUSCO
_cBIBLIOTECA MUNICIPAL DEL CUSCO
082 _22ed.
_a921 /
_bM26
100 _aAlthusser, Louis
_937035
245 _aPara leer el capital /
260 _aMéxico :
_bSiglo XXI editores,
_c1969.
300 _a335 páginas ;
_c22 cm.
505 _aContenido : Advertencia -- Marx y sus descubrimientos -- Los méritos de la economía clásica -- Los defectos de la economía clásica ...
650 _aCapitalismo
_93221
650 _aEconomía
_9382
650 _aSiglo XX
_98
700 _aBalibar, Étienne (Coautor)
_937036
942 _2ddc
_cLIBROS
945 _arah
_d07/05/2019